Meilleurs Buteurs de chaque club LDC 2023-2024 - Statistiques

Statistiques générales
  • Ce quiz a été pris 121 fois
  • Le résultat moyen est 8 sur 32
Statistiques - réponses
Hint MEILLEUR BUTEUR % Correct
BAYERN MUNICH KANE
90%
PSG MBAPPE
84%
MAN CITY HAALAND
76%
ARSENAL JESUS
57%
INTER MILAN MARTINEZ
55%
ATL MADRID GRIEZMANN
54%
NAPLES OSIMHEN
45%
REAL MADRID VINICIUS JUNIOR
44%
LAZIO IMMOBILE
40%
DORTMUND FULLKRUG
39%
GALATASARAY ICARDI
37%
NEWCASTLE ISAK
36%
MAN UNITED HOJLUND
32%
LEIPZIG OPENDA
32%
PSV EINDHOVEN DE JONG
29%
BARCELONE FELIX
17%
RC LENS FULGINI
15%
SEVILLE EN-NESYRI
14%
FC PORTO GALENO
11%
FEYENOORD GIMENEZ
9%
BRAGA BRUMA
7%
COPENHAGUE ELYOUNOUSSI
4%
BENFICA MARIO
4%
AC MILAN CHUKWUEZE
3%
UNION BERLIN GOSENS
3%
R SOCIEDAD MENDEZ
3%
CELTIC GLASGOW FURUHASHI
2%
SALZBOURG GLOUKH
2%
ANTWERP BALIKWISHA
0%
YOUNG BOYS ELIA
0%
ETOILE ROUGE NDIAYE
0%
SHAKHTAR D SIKAN
0%
Aucun quiz correspondant
Distribution des résultats
% des personnes avec chaque résultat
Percentile par nombre de réponses
Votre historique - résultats
Vous n’avez pas pris ce quiz